| 000 | 01136cam a2200325 4500 | ||
|---|---|---|---|
| 999 |
_c10015 _d10015 |
||
| 001 | 10015 | ||
| 003 | BD-JhCC | ||
| 005 | 20180404121039.0 | ||
| 008 | 180404s1968 nyuaf b 000 0beng | ||
| 035 | _a(BD-JhCC)10015 | ||
| 040 |
_aDLC _cDLC _dDLC _dBD-JhCC |
||
| 041 | 1 | _aengita | |
| 050 | 1 | 0 |
_aNB623.B9 _bP283 1968 |
| 082 | 0 | 0 |
_a730/.92/4 _bPAR 1968 |
| 100 | 1 | _aParronchi, Alessandro. | |
| 240 | 1 | 0 | _aMichelangelo scultore. |
| 245 | 1 | 0 |
_aMichelangelo: sculpture; _b[the life and work of the artist / _cillustrated with 80 full-color plates. Translated from the Italian by Pearl Sanders and Caroline Beamish. |
| 250 | _a1st American ed.] | ||
| 260 |
_aNew York, _bGrosset & Dunlap, _c[c1968]. |
||
| 300 |
_a78 p. _billus., col. plates. _c18 cm. |
||
| 490 | 0 | _aThe New Grosset art library, 30 | |
| 500 | _aCover title: Michelangelo: the sculptor. | ||
| 500 | _aTranslation of Michelangelo scultore. | ||
| 504 | _aBibliography: p. 28. | ||
| 600 | 0 | 0 |
_aMichelangelo Buonarroti, _d1475-1564. |
| 700 | 0 |
_aMichelangelo Buonarroti, _d1475-1564. |
|
| 740 | _aMichelangelo: the sculptor. | ||
| 942 |
_2ddc _cREF |
||